000 00451nam a2200193Ia 4500
005 20240823013724.0
008 240823s9999||||xx |||||||||||||| ||und||
020 _a81 7371 494 0
041 _aENGLISH
082 _A537.622 P4
100 _aDilip K Roy
245 0 _aPhysics for Semiconductor Devices
250 _a2nd
260 _c2004
_b"UP,Hyd"
_aHydrabad
500 _aYES
650 _aPhysics
_bPhysics
942 _cBK
999 _c168044
_d168044